| 000 -ლიდერი |
| ფიქსირებული სიგრძის საკონტროლო ველი |
01389nam a2200277Ia 4500 |
| 001 - საკონტროლო ნომერი |
| საკონტროლო ველი |
22995 |
| 003 - საკონტროლო ნომრის იდენტიფიკატორი |
| საკონტროლო ველი |
GE_BSU |
| 005 - ბოლო ოპერაციის თარიღი და დრო |
| საკონტროლო ველი |
20190516185911.0 |
| 008 - ფიქსირებული სიგრძის მონაცემთა ელემენტები - ზოგადი ინფორმაცია |
| ფიქსირებული სიგრძის საკონტროლო ველი |
181216s2008|||| |||||||||||||| ||geo|| |
| 020 ## - წიგნის საერთაშორისო სტანდარტული ნომერი |
| International Standard Book Number |
978-99928-47-81-7 |
| 040 ## - კატალოგიზაციის წყარო |
| Transcribing agency |
GE_BSU |
| 041 ## - ენის კოდი |
| Language code of text/sound track or separate title |
geo |
| 080 ## - უნივერსალური ათობითი კლასიფიკაციის ინდექსი |
| Universal Decimal Classification number |
821.353.1-1 + 82-93:821.353.1-32 + 82-93:821.353.1-11 ლ-45 |
| 100 ## - მთავარი ჩანაწერი - პიროვნების სახელი |
| Personal name |
ლეონიძე, გიორგი |
| 9 (RLIN) |
24 |
| 245 ## - ცნობა სათაურის შესახებ |
| Title |
ნატვრის ხე : ლექსები, პოემა, ნატვრის ხე, ამბავი ესტატე ლაფაჩისა, პატარა ტამალია / |
| Statement of responsibility, etc |
გიორგი ლეონიძე ; რედ : მ. ომიაძე ; მხატვ : გურამ ღლონტი |
| 260 ## - გამოქვეყნების, გავრცელების, და სხვა. ცნობები |
| Name of publisher, distributor, etc |
ნაკადული |
| 264 ## - წარმოების, გამოცემის, დისტრიბუციის და სხვა ცნობები |
| გამოცემის, წარმოების, დისტრიბუციის... ადგილი |
თბილისი : |
| გამოცემის, წარმოების, დისტრიბუციის... სახელწოდება |
ნაკადული, |
| გამოცემის, წარმოების, დისტრიბუციის... თარიღი |
2008. |
| 300 ## - ფიზიკური აღწერა |
| Extent |
688 გვ. ; |
| Dimensions |
20 სმ. |
| 500 ## - ზოგადი შენიშვნა |
| General note |
ლექსიკონი: გვ. 536-681. - ლექსების ანბ. საძ.: 682-685 |
| 653 ## - INDEX TERM--UNCONTROLLED |
| Uncontrolled term |
ლექსები |
| 653 ## - INDEX TERM--UNCONTROLLED |
| Uncontrolled term |
პოემა |
| 653 ## - INDEX TERM--UNCONTROLLED |
| Uncontrolled term |
მხატვრული ლიტერატურა |
| 700 ## - ADDED ENTRY--PERSONAL NAME |
| Personal name |
ომიაძე, მ |
| Relator term |
რედაქტორი |
| 9 (RLIN) |
1264 |
| 700 ## - ADDED ENTRY--PERSONAL NAME |
| Personal name |
ღლონტი , გურამ |
| Relator term |
მხატვარი |
| 9 (RLIN) |
1265 |
| 942 ## - ADDED ENTRY ELEMENTS (KOHA) |
| Koha item type |
წიგნი |
| Source of classification or shelving scheme |
|